000
00299nam a22001337a 4500
008
170630b xxu||||| |||| 00| 0 eng d
020
_a
9780314027962
041
_a
eng
080
_2
2ND
_a
94
100
_a
16
101
_a
SHH
245
_a
WESTERN CIVILAZITION
_c
SPIELVOGEL,J.J
942
_2
udc
_c
BK
999
_c
19685
_d
19685